00533nam a2200193Ia 4500008004100000020001800041050001400059100001600073245002400089245002600113245009000139260001500229260002100244260000900265300001500274300002500289300001000314440001500324180207s9999 xx 000 0 und d a9781416978572 bB228 2009 aBarba, Rick 4aThe rise of cobra : bthe movie storybook / cadapted by Rick Barba ; story by Michael Gordon and Stuart Beattie & Stephen Sommers. aNew York : bSimon Spotlight, c2009 a48 pages : bcolor illustration ; c28cm. aG. I. Joe.